000 00919nam a2200253 a 4500
001 BRCA_6617
005 20190320205528.0
008 081010c1964----ag-af#####---#000-0#spa-#
041 _aspa
044 _aag
050 4 _aND553
_b.P56 109 1964
245 1 0 _aLasar Segall
_cmonografía por Geraldo Ferraz ; traducción por Silvia Farré ; panorama cultural, por Calarival do Prado Valladares.
260 _aArgentina
_bCodex
_c[1964]
300 _a1 v. (sin paginación)
_bil., 16 láminas a color
_c36 cm.
440 0 _aPinacoteca de los genios : la más grandiosa colección de arte del mundo
_v109
_916560
500 _aIncluye índice de ilustraciones
500 _aDonación Dra. Elsa Barberena
600 1 4 _aSegall, Lasar
_d1891-1957
_916561
700 1 _aFerraz, Geraldo
_916562
700 1 _aPrado Valladares, Clarival do
_916563
700 1 _aFarré, Silvia
_etr.
_916564
902 _aDEB
942 _2lcc
_cB
999 _c6301
_d6301